Mizan-e-Zeest (میزان زیست) / (Record no. 592780)
[ view plain ]
| 000 -LEADER | |
|---|---|
| fixed length control field | 00388nam a22001337a 4500 |
| 040 ## - CATALOGING SOURCE | |
| Transcribing agency | NUST |
| 082 ## - DEWEY DECIMAL CLASSIFICATION NUMBER | |
| Classification number | 378.4,GIL |
| 100 ## - MAIN ENTRY--PERSONAL NAME | |
| Personal name | Gillani, Justice (R) Manzoor Husain |
| 9 (RLIN) | 105681 |
| 245 ## - TITLE STATEMENT | |
| Title | Mizan-e-Zeest (میزان زیست) / |
| Statement of responsibility, etc. | Justice (R) Manzoor Husain Gillani |
| 260 ## - PUBLICATION, DISTRIBUTION, ETC. | |
| Place of publication, distribution, etc. | Lahore |
| Name of publisher, distributor, etc. | Jumhoori |
| Date of publication, distribution, etc. | 2017 |
| 300 ## - PHYSICAL DESCRIPTION | |
| Extent | 755 p.: |
| 650 ## - SUBJECT ADDED ENTRY--TOPICAL TERM | |
| Topical term or geographic name entry element | Urdu Nasar |
| 9 (RLIN) | 105666 |
| 942 ## - ADDED ENTRY ELEMENTS (KOHA) | |
| Source of classification or shelving scheme | |
| Koha item type | Book |
| Call number prefix | 378.4,GIL |
| Withdrawn status | Lost status | Source of classification or shelving scheme | Damaged status | Not for loan | Permanent Location | Current Location | Shelving location | Date acquired | Total Checkouts | Full call number | Barcode | Date last seen | Date last checked out | Price effective from | Koha item type | Public note |
|---|---|---|---|---|---|---|---|---|---|---|---|---|---|---|---|---|
| Military College of Signals (MCS) | Military College of Signals (MCS) | General Stacks | 12/22/2022 | 2 | 378.4,GIL | MCS38244 | 06/02/2023 | 03/29/2023 | 12/22/2022 | Book | Almirah Fresh No.45, Shelf No.6 |
